The Stationery Shop of Tehran (Record no. 38165)

MARC details
000 -LEADER
fixed length control field 02040nam a22001817a 4500
020 ## - INTERNATIONAL STANDARD BOOK NUMBER
ISBN 978-1471185014
082 ## - DEWEY DECIMAL CLASSIFICATION NUMBER
Classification number 823 KAM
100 ## - MAIN ENTRY--AUTHOR NAME
Personal name Marjan Kamali
245 ## - TITLE STATEMENT
Title The Stationery Shop of Tehran
250 ## - EDITION STATEMENT
Edition statement 1
260 ## - PUBLICATION, DISTRIBUTION, ETC. (IMPRINT)
Name of publisher Simon & Schuster
Place of publication New Delhi
Year of publication 2019
300 ## - PHYSICAL DESCRIPTION
Number of Pages Hardcover ‏ : ‎ 320 pages
Other physical details Item Weight ‏ : ‎ 454 g Dimensions ‏ : ‎ 13.97 x 2.54 x 21.27 cm
520 ## - SUMMARY, ETC.
Summary, etc A poignant, heartfelt new novel by the award-nominated author of Together Tea—extolled by the Wall Street Journal as a “moving tale of lost love” and by Shelf Awareness as “a powerful, heartbreaking story”—explores loss, reconciliation, and the quirks of fate.<br/><br/>Roya, a dreamy, idealistic teenager living amid the political upheaval of 1953 Tehran, finds a literary oasis in kindly Mr. Fakhri’s neighborhood stationery shop, stocked with books and pens and bottles of jewel-colored ink.<br/><br/>Then Mr. Fakhri, with a keen instinct for a budding romance, introduces Roya to his other favorite customer—handsome Bahman, who has a burning passion for justice and a love for Rumi’s poetry—and she loses her heart at once. Their romance blossoms, and the little stationery shop remains their favorite place in all of Tehran.<br/><br/>A few short months later, on the eve of their marriage, Roya agrees to meet Bahman at the town square when violence erupts—a result of the coup d’etat that forever changes their country’s future. In the chaos, Bahman never shows. For weeks, Roya tries desperately to contact him, but her efforts are fruitless. With a sorrowful heart, she moves on—to college in California, to another man, to a life in New England—until, more than sixty years later, an accident of fate leads her back to Bahman and offers her a chance to ask him the questions that have haunted her for more than half a century: Why did you leave? Where did you go? How is it that you were able to forget me?
546 ## - LANGUAGE NOTE
Language note Language ‏ : ‎ English
650 ## - SUBJECT ADDED ENTRY--TOPICAL TERM
Topical Term GEN
942 ## - ADDED ENTRY ELEMENTS (KOHA)
Koha item type Text Book
952 ## - LOCATION AND ITEM INFORMATION (KOHA)
Damaged status
Not for loan
Holdings
Withdrawn status Collection code Permanent Location Current Location Date acquired Source of acquisition Cost, normal purchase price Inventory number Full call number Accession Number Price effective from Koha item type
  GENERAL VAST Central Library VAST Central Library 16/12/2025 Minerva Books 450.00 97 823 KAM 38313 26/12/2025 Text Book